Skocznie na których wygrywał Dawid Kubacki - Statystyki

Ogólne statystyki
  • Ten quiz został rozwiązany 134 razy
  • Średni wynik to 4 z 5
Statystyki odpowiedzi
Hint Odpowiedź % Poprawnych
5 Garmisch-Partenkirchen
83%
1 Predazzo
76%
2 Bischofshofen
72%
3 Titisee-Neustadt
60%
4 Titisee-Neustadt
60%
Nie znaleziono quizów pasujących do podanych kryteriów
Rozkład punktacji
Procent ludzi z każdym wynikiem
Percentyl według liczby udzielonych odpowiedzi
Twoja historia wyników
Nie rozwiązałeś tego quizu